Billy Joel Discography - Statistics

General Stats
  • This quiz has been taken 3,209 times
    1,161 since last reset
  • The average score is 42 of 137
Answer Stats
Cold Spring Harbor % Correct
Piano Man
97%
The Stranger
79%
We Didn't Start the Fire
79%
The River of Dreams
78%
Uptown Girl
78%
Vienna
73%
An Innocent Man
72%
Scenes from an Italian Restaurant
71%
Movin' Out (Anthony's Song)
68%
She's Always a Woman
67%
New York State of Mind
64%
52nd Street
63%
Only the Good Die Young
62%
Allentown
61%
My Life
59%
Just the Way You Are
58%
You May Be Right
58%
Big Shot
56%
Captain Jack
56%
It's Still Rock and Roll to Me
56%
The Longest Time
55%
Storm Front
54%
Zanzibar
53%
The Entertainer
51%
Goodnight Saigon
50%
Honesty
48%
She's Got a Way
47%
The Downeaster 'Alexa'
45%
Miami 2017 (Seen the Lights Go Out on Broadway)
44%
Pressure
44%
Tell Her About It
44%
Say Goodbye to Hollywood
42%
Don't Ask Me Why
41%
All for Leyna
39%
Opus 4. Fantasy ("Film Noir")
39%
Prelude/Angry Young Man
39%
Summer, Highland Falls
39%
And So It Goes
38%
Keeping the Faith
38%
Leningrad
38%
Sleeping with the Television On
38%
The Ballad of Billy the Kid
38%
Lullabye (Goodnight, My Angel)
37%
Stiletto
37%
Streetlife Serenader
37%
Baby Grand
36%
Everybody Has a Dream
35%
Everybody Loves You Now
35%
James
33%
Rosalinda's Eyes
33%
A Matter of Trust
32%
Get it Right the First Time
32%
Root Beer Rag
31%
Sometimes a Fantasy
31%
I Go to Extremes
30%
Turn the Lights Back On
29%
You're My Home
29%
C'Etait Toi (You Were the One)
28%
Laura
28%
Travelin' Prayer
28%
Christie Lee
27%
Nocturne
27%
This is the Time
27%
Running On Ice
26%
Stop in Nevada
26%
Easy Money
25%
This Night
25%
Until the Night
25%
Falling of the Rain
24%
I Don't Want to Be Alone
24%
I've Loved These Days
24%
Leave a Tender Moment Alone
24%
Los Angelenos
24%
The Great Wall of China
24%
Why Judy Why
24%
You're Only Human (Second Wind)
24%
All About Soul
23%
All You Wanna Do is Dance
23%
Big Man On Mulberry Street
23%
Half a Mile Away
23%
Tomorrow is Today
23%
Where's the Orchestra?
23%
Famous Last Words
22%
Modern Woman
22%
Scandinavian Skies
22%
She's Right On Time
22%
The Mexican Connection
22%
Shameless
21%
That's Not Her Style
21%
When in Rome
21%
Roberta
20%
The Great Suburban Showdown
20%
Through the Long Night
20%
Blonde Over Blue
19%
Close to the Borderline
19%
Souvenir
19%
Ain't No Crime
18%
A Room of Our Own
18%
Opus 8. Suite for Piano ("Star-Crossed"): III. Delusion
18%
Worse Comes to Worst
18%
You Can Make Me Free
18%
Code of Silence
17%
Got to Begin Again
17%
If I Only Had the Words (To Tell You)
17%
No Man's Land
17%
Somewhere Along the Line
17%
Temptation
17%
Turn Around
17%
Careless Talk
16%
Opus 7. Aria ("Grand Canal")
16%
Surprises
16%
Weekend Song
16%
Shades of Grey
15%
State of Grace
15%
Two Thousand Years
15%
You Look So Good to Me
15%
The Last of the Big Time Spenders
14%
A Minor Variation
13%
Getting Closer
13%
Why Should I Worry
12%
The Night is Still Young
10%
To Make You Feel My Love
8%
Christmas in Falluja
7%
Hey Girl
7%
All My Life
6%
Opus 10. Air ("Dublinesque")
6%
Have Yourself a Merry Little Christmas
5%
Opus 2. Waltz # 1 ("Nunley's Carousel")
5%
When You Wish Upon a Star
5%
All Shook Up
4%
Opus 1. Soliloquy ("On a Separation")
4%
Opus 5. Waltz # 2 ("Steinway Hall")
4%
Opus 6. Invention in C Minor
4%
Opus 8. Suite for Piano ("Star-Crossed"): I. Innamorato
4%
Opus 8. Suite for Piano ("Star-Crossed"): II. Sorbetto
4%
Opus 9. Waltz # 3 ("For Lola")
4%
Opus 3. Reverie ("Villa d'Este")
3%
No matching quizzes found
Score Distribution
Percent of People with Each Score
Percentile by Number Answered
Your Score History
You have not taken this quiz since the last reset